000 008510000a22002650004500
003 EG-GiCUC
008 090108s2006 ru 000 0 eng d
020 _a5949810724
040 _aEG-GiCUC
_beng
_cEG-GiCUC
043 _ae-ru---
092 0 4 _a947.45
_bK451
_221
099 _a04
_a947.45 K451
100 1 _aKhakim , Raphael.
245 1 0 _aRussia and Tatarstan at a crossroads of history/
_cRaphael Khakim.
260 _aKazan:
_bKhakimov R.S. ,
_c2006
300 _a192 p. ;
_c20 cm.
500 _aAt ahead of title:Institute of history,Academy of science of Tatarstan
500 _aCover title:Russian and Tatarstan at a crossroads of history.
651 0 _aTatarstan(Russia)
_xHistory
902 _a1
905 _aEman
_eRev.
905 _aRadwa
_eCat
942 _2ddc
_cBK
999 _c113071
_d113071